| 000 | 00717ngm a22002171 4500 | ||
|---|---|---|---|
| 001 | 0000008970 | ||
| 005 | 20151217161726.0 | ||
| 007 | vf cbahou | ||
| 008 | 080625s xx--- vleng d | ||
| 020 | _cKES | ||
| 040 |
_aKABU _cKABU |
||
| 110 | 2 |
_aKabarak University. _@0000159713 |
|
| 245 | 0 | 0 |
_aSecond graduation _h[videorecording] : _bclass of 2006 / _cKabarak University. |
| 260 |
_aKabarak : _bKabarak University., _c2007. |
||
| 300 |
_a2 DVD : _bsd., col ; _c4 3/4 in. |
||
| 650 | 0 |
_aCommencement ceremonies _cKabarak University. _@0000159780 |
|
| 650 | 0 |
_aGraduation ceremony _cKabarak University. _@0000159781 |
|
| 908 | _a080625 | ||
| 950 | _@1 | ||
| 999 |
_c15550 _d15550 |
||